000 00497nam a2200181Ia 4500
005 20250326124216.0
008 250326s9999 xx 000 0 und d
037 _aTextbook
040 _aFMSL
_beng
_cFMSL
041 _aeng
_2eng
084 _aX:51 L6
_qFMSL
100 _aFitzroy P T
_9736892
245 0 _aAnalytical methods for marketing management
_cFitzroy P T
260 _aNY
_bNY, McGraw-Hill
_c1976
300 _a337p
942 _cTB
_hX:51 L6
999 _c1272745
_d1272745